Introduction à la couleur : Des discours aux images (notice n° 1567540)

détails MARC
000 -LEADER
fixed length control field 01561cam a2200133 4500500
005 - DATE AND TIME OF LATEST TRANSACTION
control field 20251214002833.0
041 ## - LANGUAGE CODE
Language code of text/sound track or separate title fre
042 ## - AUTHENTICATION CODE
Authentication code dc
100 10 - MAIN ENTRY--PERSONAL NAME
Personal name Aumont, Jacques
Relator term author
245 00 - TITLE STATEMENT
Title Introduction à la couleur : Des discours aux images
260 ## - PUBLICATION, DISTRIBUTION, ETC.
Name of publisher, distributor, etc. Armand Colin,<br/>
Date of publication, distribution, etc. 2020.<br/>
520 ## - SUMMARY, ETC.
Summary, etc. Qu’est-ce que la couleur  ? À coup sûr, une composante essentielle de notre expérience visuelle, mais dont il n’est pas facile de parler  : elle est l’un des aspects du visible les plus chargés en expressivité potentielle, mais les langues pratiquées à la surface du globe, peinant à la désigner avec précision, lui confient des rôles symboliques multiples et variés. Conçu comme une introduction didactique, cet ouvrage offre un panorama aussi vaste et précis que possible des problèmes liés aux discours sur la couleur. On y verra que celle-ci est devenue, au fil des siècles, l’apanage d’un domaine avec lequel elle a fini par presque se confondre, la peinture, et par la suite les images photographiques et leur descendance. Comment la peinture a-t-elle acclimaté le monde de la couleur  ? Comment les créateurs ont-ils trouvé des lois pour régler son usage et théoriser sa valeur  ? Comment cela s’est-il formalisé dans d’autres discours, esthétiques, poétiques, critiques  ? Telle est la visée de ce livre unique et passionnant qui initie ainsi à l’analyse de la couleur dans les images.
856 41 - ELECTRONIC LOCATION AND ACCESS
Uniform Resource Identifier <a href="https://shs.cairn.info/introduction-a-la-couleur--9782200628611?lang=fr&redirect-ssocas=7080">https://shs.cairn.info/introduction-a-la-couleur--9782200628611?lang=fr&redirect-ssocas=7080</a>

Pas d'exemplaire disponible.

PLUDOC

PLUDOC est la plateforme unique et centralisée de gestion des bibliothèques physiques et numériques de Guinée administré par le CEDUST. Elle est la plus grande base de données de ressources documentaires pour les Étudiants, Enseignants chercheurs et Chercheurs de Guinée.

Adresse

627 919 101/664 919 101

25 boulevard du commerce
Kaloum, Conakry, Guinée

Réseaux sociaux

Powered by Netsen Group @ 2025